| 000 | 00365nam a2200121 a 4500 | ||
|---|---|---|---|
| 005 | 20260222131008.0 | ||
| 008 | 260217s2026##################000#0#eng## | ||
| 020 | _a9780521832878 | ||
| 082 | 0 | 4 |
_a330.015195 _bZEL |
| 100 | _aZellner Arnold | ||
| 245 | 1 | 0 |
_aThe Stone Lectures in Economics Statistics, Econometrics and Forecasting _c/ Arnold Zellner |
| 942 | _cENGLISH | ||
| 999 |
_c612969 _d612969 |
||